000 00515nam a2200157Ia 4500
008 151213s9999 xx 000 0 und d
082 _a371.334
_b371.334
100 _aKallick, Bena & Welson, J.M.
245 _aInformation technology for school
_bCreating practical knowledge to improve students performance
_cKallick, Bena & Welson, J.M.
260 _aSan Francisco
_bJossey Bass
_c2001
300 _a1814 p.
650 _aComputer
650 _aComputer
700 _aKallick, Bena & Welson, J.M.
999 _c1333
_d1333